Competitiveness and the evolution of the real exchange rate in Chile

Saved in:
Bibliographic Details
Main Author: Guerguil, Martine
Other Authors: Kaufman, Martin
Format: Book
Language:English
Published: Washington IMF 1998
Series:IMF Working Paper 58
Subjects:
Tags: Add Tag
No Tags, Be the first to tag this record!

MARC

LEADER 00000nam a2200000 4500
001 c102603
005 20221221081823.4
041 0 |a eng 
044 |a US 
245 1 0 |a Competitiveness and the evolution of the real exchange rate in Chile  |c Martine Guerguil and Martin Kaufman 
264 1 |a Washington  |b IMF  |c 1998 
300 |a 27 s. 
490 1 |a IMF Working Paper  |v 58 
830 0 |a IMF Working Paper  |v 58 
610 2 0 |a kurz devízový 
610 2 0 |a Čile 
610 2 0 |a konkurencia 
610 2 0 |a konkurencieschopnosť 
610 2 0 |a vývoj menový 
610 2 0 |a produktivita 
610 2 0 |a partneri obchodní 
610 2 0 |a výroba 
610 2 0 |a makroekonomika 
100 1 |a Guerguil, Martine 
700 1 |a Kaufman, Martin